Normal view MARC view

Entry Personal Name

Number of records used in: 2

001 - CONTROL NUMBER

  • control field: 44892

003 - CONTROL NUMBER IDENTIFIER

  • control field: dpl

005 - DATE AND TIME OF LATEST TRANSACTION

  • control field: 20120410125418.0

008 - FIXED-LENGTH DATA ELEMENTS

  • fixed length control field: 120410|||a|||||| | ||| d

040 ## - CATALOGING SOURCE

  • Original cataloging agency: dpl
  • Transcribing agency: dpl

100 ## - HEADING--PERSONAL NAME

  • Personal name: Dutta, Sristidhar ,1945-

670 ## - SOURCE DATA FOUND

  • Source citation: Work cat.: (dpl)19467: Dutta, Sristidhar ,1945-, Buddhism in Arunachal Pradesh /, 2008

670 ## - SOURCE DATA FOUND

  • Source citation: Work cat.: (dpl)19467: Dutta, Sristidhar ,1945-, Buddhism in Arunachal Pradesh /, 2008

© Delhi Public Library
Hit Counter
free hit counter